000 00988cam a22003133a 4500
001 5632
003 PGUSA
005 20140828083122.0
008 040501s2004||||xxu|||||s|||||000 1 eng d
040 _aPGUSA
_beng
042 _adc
050 4 _aPS
050 4 _aPZ
100 1 _aSidney, Margaret,
_d1844-1924
245 1 0 _aFive Little Peppers Midway
_h[electronic resource] /
_cMargaret Sidney
260 _bProject Gutenberg,
_c2004
506 _aPublic domain in the USA.
516 _aElectronic text
653 _aFive Little Peppers (Fictitious characters) -- Juvenile fiction
653 _aWeddings -- Juvenile fiction
653 _aKindness -- Juvenile fiction
653 _aFamily -- Juvenile fiction
653 _aBrothers and sisters -- Juvenile fiction
653 _aSingle-parent families -- Juvenile fiction
653 _aCousins -- Juvenile fiction
830 0 _aProject Gutenberg
_v5632
856 4 0 _uhttp://www.gutenberg.org/ebooks/5632
942 _cEB
999 _c234960
_d234960